|
|
|
|
| LEADER |
00000nam0a2200000 4500 |
| 001 |
140851 |
| 005 |
20231031142211.0 |
| 010 |
|
|
|a 9780521832243
|
| 035 |
|
|
|a (RuTPU)RU\TPU\book\152613
|
| 090 |
|
|
|a 140851
|
| 100 |
|
|
|a 20080710d2007 k y0engy50 ba
|
| 101 |
0 |
|
|a eng
|
| 102 |
|
|
|a US
|
| 105 |
|
|
|a a z 001zy
|
| 200 |
1 |
|
|a Principles of Nano-Optics
|f L. Novotny, B. Hecht
|
| 210 |
|
|
|a New York
|c Cambridge University Press
|d 2007
|
| 215 |
|
|
|a 539 p.
|c il.
|
| 320 |
|
|
|a Index: p. 525-539.
|
| 610 |
1 |
|
|a физика
|
| 610 |
1 |
|
|a оптика
|
| 610 |
1 |
|
|a микрооптика
|
| 610 |
1 |
|
|a нанооптика
|
| 610 |
1 |
|
|a теория
|
| 610 |
1 |
|
|a прикладная оптика
|
| 610 |
1 |
|
|a английский язык
|
| 675 |
|
|
|a 535.4
|v 3
|
| 700 |
|
1 |
|a Novotny
|b L.
|g Lukas
|
| 701 |
|
1 |
|a Hecht
|b B.
|g Bert
|
| 801 |
|
1 |
|a RU
|b 63413507
|c 20080710
|g PSBO
|
| 801 |
|
2 |
|a RU
|b 63413507
|c 20080721
|g PSBO
|
| 942 |
|
|
|c BK
|